Fluid Mechanics (Record no. 5162)

MARC details
000 -LEADER
fixed length control field 00420nam a2200157Ia 4500
003 - CONTROL NUMBER IDENTIFIER
control field SGT
020 ## - INTERNATIONAL STANDARD BOOK NUMBER
International Standard Book Number 9780070601871
082 ## - DEWEY DECIMAL CLASSIFICATION NUMBER
Classification number 532
Item number STR
100 ## - MAIN ENTRY--PERSONAL NAME
Personal name Streter,V.L.
245 ## - TITLE STATEMENT
Title Fluid Mechanics
260 ## - PUBLICATION, DISTRIBUTION, ETC. (IMPRINT)
Name of publisher, distributor, etc Tata McGraw Hill Education Private Limited
Place of publication, distribution, etc New Delhi
Year of Publication 1983
300 ## - PAGE DESCRIPTION
No. of Pages 582p.
650 ## - SUBJECT ADDED ENTRY--TOPICAL TERM
Topical term or geographic name as entry element Mechanical Engineering,Fluid Mechanics,Fundamentals of Fluid Mechanics
700 ## - ADDED ENTRY--PERSONAL NAME
Personal name Wylie,E.B
942 ## - ADDED ENTRY ELEMENTS (KOHA)
Source of classification or shelving scheme Dewey Decimal Classification
Koha item type Books
Holdings
Withdrawn status Lost status Source of classification or shelving scheme Damaged status Not for loan Home library Current library Date acquired SGTU Total Checkouts Full call number Accession No. (Barcode) Date last seen Bill Date Koha item type Date last borrowed Use restrictions Shelving location
    Dewey Decimal Classification     SGT Engineering Library SGT Engineering Library 24/06/2011 SGTU   532 STR FE2993 09/02/2015 09/02/2015 Books      
    Dewey Decimal Classification     SGT Engineering Library SGT Engineering Library 24/06/2011 SGTU 2 532 STR FE2994 27/01/2018 09/02/2015 Books 27/01/2018    
    Dewey Decimal Classification     SGT Engineering Library SGT Engineering Library 24/06/2011 SGTU 1 532 STR FE2995 29/01/2018 09/02/2015 Books 17/01/2018    
    Dewey Decimal Classification     SGT Engineering Library SGT Engineering Library 24/06/2011 SGTU 1 532 STR FE2996 02/06/2017 09/02/2015 Books 14/02/2017    
    Dewey Decimal Classification   Not For Loan SGT Engineering Library SGT Engineering Library 24/06/2011 SGTU   532 STR FE2997 09/02/2015 09/02/2015 Books   Restricted Access Reference Book
    Dewey Decimal Classification     SGT Engineering Library SGT Engineering Library 24/06/2011 SGTU   532 STR FE2998 09/02/2015 09/02/2015 Books      
    Dewey Decimal Classification     SGT Engineering Library SGT Engineering Library 24/06/2011 SGTU   532 STR FE2999 09/02/2015 09/02/2015 Books      
    Dewey Decimal Classification     SGT Engineering Library SGT Engineering Library 24/06/2011 SGTU   532 STR FE3000 09/02/2015 09/02/2015 Books      
    Dewey Decimal Classification     SGT Engineering Library SGT Engineering Library 24/06/2011 SGTU 1 532 STR FE3001 19/02/2018 09/02/2015 Books 19/02/2018